| 000 -LEADER |
| fixed length control field |
00357cam a22001097a 4500 |
| 008 - FIXED-LENGTH DATA ELEMENTS--GENERAL INFORMATION |
| fixed length control field |
180718b2017 xxu||||| |||| 00| 0 eng d |
| 020 ## - INTERNATIONAL STANDARD BOOK NUMBER |
| International Standard Book Number |
9789384082949 |
| 245 ## - TITLE STATEMENT |
| Title |
Democracy in India : current debates and emerging challenges |
| Statement of responsibility, etc. |
edited by Lancy Lobo and Jayesh Shah |
| 260 ## - PUBLICATION, DISTRIBUTION, ETC. |
| Place of publication, distribution, etc. |
Delhi |
| Name of publisher, distributor, etc. |
Promus |
| Date of publication, distribution, etc. |
2017 |
| 300 ## - PHYSICAL DESCRIPTION |
| Extent |
197p. |
| 700 ## - ADDED ENTRY--PERSONAL NAME |
| Personal name |
Lobo, Lancy and Shah, Jayesh |